Návrh zariadenia na prípravu káblov pre elektrické rozvádzače

Uložené v:
Podrobná bibliografia
Hlavný autor: Okienka, Lukáš (Autor)
Ďalší autori: Mudriková, Andrea (Vedúci práce)
Médium: Rukopis Kniha
Jazyk:Slovak
Vydavateľské údaje: 2021
Predmet:
On-line prístup:http://is.stuba.sk/zp/portal_zp.pl?podrobnosti=154408
Tagy: Pridať tag
Žiadne tagy, Buďte prvý, kto otaguje tento záznam!

MARC

LEADER 00000ntm a22000003a 4500
001 stuzp84024
003 SK-STU
005 20210703212445.7
007 ta
008 150427s2015----xo-----f-mn---000-0-slo-d
040 |a STU  |b slo 
041 0 |a slo 
100 1 |a Okienka, Lukáš  |u 063000  |4 aut  |U MTF Materiálovotechnologická fakulta  |T MTF Ústav výrobných technológií  |X 96705  |U M3000  |Y 83  |7 96705 
242 0 1 |a Design of Equipment for Cable Preparation for Electrical Switchboards  |y eng 
245 1 0 |a Návrh zariadenia na prípravu káblov pre elektrické rozvádzače 
260 |c 2021 
650 4 |a elektro-pneumatika  |2 slo 
650 4 |a automatizácia  |2 slo 
650 4 |a SolidEdge  |2 slo 
650 4 |a FluidSIM  |2 slo 
650 4 |a GRAFCET  |2 slo 
650 4 |a FluidSIM  |2 eng 
650 4 |a automation  |2 eng 
650 4 |a electro-pneumatic  |2 eng 
650 4 |a SolidEdge  |2 eng 
650 4 |a GRAFCET  |2 eng 
700 1 |a Mudriková, Andrea  |u 063800  |k Z2  |4 ths  |U MTF Ústav výrobných technológií  |T MTF Katedra výrobných zariadení a systémov  |X 2218  |U M3800  |Y 660  |7 A000002218 
856 4 |u http://is.stuba.sk/zp/portal_zp.pl?podrobnosti=154408 
996 |c M* BP-9163  |l MMSKP  |s P  |a 0  |w stuzp84024_0001